Statistiken für Hauptstädte nach Umrissen von jedem Land in Europa

Klicken Sie hier um das Quiz zu spielen!

Allgemein

  • Dieses Quiz wurde 62 mal gespielt
  • Das Durchschnittsergebnis liegt bei 28 aus 45

Antwortstatistiken

Antwort% Korrekt
Berlin
98%
London
98%
Paris
98%
Athen
97%
Madrid
97%
Oslo
97%
Rom
92%
Zagreb
88%
Wien
87%
Kopenhagen
85%
Moskau
85%
Reykjavik
83%
Stockholm
83%
Dublin
80%
Amsterdam
73%
Warschau
73%
Bern
72%
Lissabon
68%
Kiew
67%
Tirana
67%
Helsinki
63%
Sofia
63%
Vatikanstadt
63%
Belgrad
62%
Bukarest
53%
Prag
53%
Valetta
53%
Riga
52%
Minsk
50%
Sarajevo
50%
Brüssel
47%
Bratislava
43%
Vaduz
43%
Budapest
42%
Ljubljana
42%
Luxemburg
40%
Pristina
40%
Vilnius
40%
Chisinau
38%
Talinn
38%
Podgorica
33%
Skopje
32%
San Marino
25%
Andorra la Vella
23%
Monaco-Stadt
20%

Verteilung der Resultate

Perzentil nach korrekt beantworteten Fragen

Anzahl Personen mit jedem Resultat

Ihre Resultats-Entwicklung

Sie haben dieses Quiz noch nicht gespielt